000 00343 a2200145 4500
001 177279
020 _a
040 _cMagnum
100 _aRocha, Denise Michaloskey da
240 1 0 _aProduzindo leitura e escrita/v.1
_lpor
245 1 0 _aProduzindo leitura e escrita/v.1
362 0 _a1899
697 _aMAGNITO: PARADIDATICO
942 _cBK
999 _c177279
_d177279